Wittgenstein : rethinking the inner

Bibliographic Details
Main Author: Johnston, Paul
Format: Book
Published: London : Routledge , 1993
Subjects:

MARC

LEADER 00000cam a2200000 7i4500
001 0000001473
002 000001619
005 20080919.0
020 |a 0415091772 
090 0 0 |a 128   |b JOH 
100 1 |a Johnston, Paul 
245 1 0 |a Wittgenstein :   |b rethinking the inner   |c Paul Johnston 
260 |a London :   |b Routledge ,   |c 1993 
300 |a 252p. ;   |c 24cm. 
650 0 0 |a Philosophical anthropology 
650 0 0 |a Wittgenstein, Ludwig, 1889-1951 
999 |a 034450   |b BUKU   |c PINJAMAN   |e PERPUSTAKAAN KOMUNITI PETALING JAYA